| 000 | 00655nam a2200229Ia 4500 | ||
|---|---|---|---|
| 005 | 20250508165154.0 | ||
| 008 | 008 250505s9999 xx 000 0 eng d | ||
| 020 | _a0-7069-9616-X | ||
| 037 | _aTextual | ||
| 040 |
_aFEDL _beng _cFEDL |
||
| 041 |
_aeng _2eng |
||
| 084 |
_a658.3, LOR _qFEDL |
||
| 100 |
_aLord Gordon A _9780067 |
||
| 245 | 0 | _aBusiness communication: For secretarial and clerical workers | |
| 260 |
_aEdinburg, UK _bW and R chambers Ltd. _c1987 |
||
| 300 | _axi, 123p. | ||
| 365 |
_aGBP _b3.95 |
||
| 490 | _aChambers ccommerce Series | ||
| 546 | _aMACESE | ||
| 942 |
_cTEXL _h658.3, LOR |
||
| 999 |
_c1393562 _d1393562 |
||